000 00279nam a2200109Ia 4500
001 1275997
005 20260417160438.0
008 260417s9999 xx 000 0 und d
020 _a9786256910034
245 0 _aMasal Krallığı - Farabi
_cDidem Demirel
260 _bKetebe Çocuk
999 _c1275997
_d1275997